La pequeña princesa : (Registro nro. 14883)

Detalles MARC
000 -LIDER
fixed length control field 00806nam a2200277 b 4500
001 - NÚMERO DE CONTROL
Identificador de número de control
003 - IDENTIFICACDOR DE NÚMERO DE CONTROL
control field DO-SdBPM
005 - DATE AND TIME OF LATEST TRANSACTION
control field 20241211102351.0
008 - ELEMENTOS DE LONGITUD FIJA
fixed length control field 970926s2004 ch || ||spa
017 ## - NÚMERO DE REGISTRO DE DERECHOS DE AUTOR
Copyright or legal deposit number
Assigning agency
020 ## - ISBN
International Standard Book Number 8437223997
040 ## - FUENTE DE CATALOGACIÓN
Agencia que crea de manera original el registro DO-SdBPM
Idioma de catalogación spa
Agencia que realiza la transcripción BPMSU
082 #4 - NÚMERO DE CLASIFICACIÓN DECIMAL DE DEWEY
Classification number 823.91
Item number R823f 2004
Edition number 22
100 1# - ASIENTO PRINCIPAL -- NOMBRE PERSONAL
Nombre personal Ross, Tony
Fechas asociadas con el nombre 1938-
245 13 - MENCIÓN DE TITULO
Título La pequeña princesa :
Subtítulo figuras /
Mención de responsabilidad Tony Ross
260 ## - PUBLICACIÓN, DISTRIBUCIÓN, ETC. (PIE DE IMPRENTA)
Lugar de publicación, distribución, etc China :
Nombre del editor, distribuidor, etc. Ediciones Generales S. L,
Fecha de publicación, distribución, etc 20004
300 ## - DESCRIPCIÓN FÍSICA
Extensión 12 p :
Otros detalles físicos il. ;
Dimensiones 15 cm
490 0# - MENCIÓN DE SERIES
Mención de serie La pequeña princesa
590 ## - NOTA LOCAL
Texto de la nota local Inventariado, 2024/VM
650 #4 - ENCABEZAMIENTO DE MATERIA--TEMÁTICO
Término temático o nombre geográfico como elemento de entrada Cuentos infantiles ingleses
650 #4 - ENCABEZAMIENTO DE MATERIA--TEMÁTICO
Término temático o nombre geográfico como elemento de entrada Lbros ilustrados para niños
650 #4 - ENCABEZAMIENTO DE MATERIA--TEMÁTICO
Término temático o nombre geográfico como elemento de entrada Figuras geométricas
Subdivisión temática general Enseñanza preescolar
Subdivisión de forma
830 ## - ASIENTO SECUNDARIO DE SERIE--TÍTULO UNIFORME
Volume number/sequential designation
910 ## - VALIDACIÓN
Validación VMateo V. Control de calidad. BPMSU
942 ## - ADDED ENTRY ELEMENTS (KOHA)
Source of classification or shelving scheme Dewey Decimal Classification
Koha item type Libros
Existencias
Withdrawn status Lost status Source of classification or shelving scheme Damaged status Not for loan Collection code Home library Current library Date acquired Total Checkouts Full call number Barcode Date last seen Price effective from Koha item type Copy number
    Dewey Decimal Classification     Colección Infantil General Biblioteca Pública Metropolitana Salomé Ureña Biblioteca Pública Metropolitana Salomé Ureña 12/10/2024   BPMSU CGI 823.91 R823f 2004 BPMSU24120014 12/10/2024 12/10/2024 Libros  
    Dewey Decimal Classification     Colección Infantil General Biblioteca Pública Metropolitana Salomé Ureña Biblioteca Pública Metropolitana Salomé Ureña 12/10/2024   BPMSU CGI 823.91 R823f 2004 BPMSU24120015 12/10/2024 12/10/2024 Libros e.2
    Dewey Decimal Classification     Colección Infantil General Biblioteca Pública Metropolitana Salomé Ureña Biblioteca Pública Metropolitana Salomé Ureña 12/10/2024   BPMSU CGI 823.91 R823f 2004 BPMSU25030077 03/11/2025 12/10/2024 Libros e.3